[Event "Oberliga Ost B 2017 2018"]
[Site "Germany"]
[Date "2017.11.11"]
[Round "2.2"]
[White "Telljohann, Sven"]
[Black "Engelmann, Jakob"]
[Result "1/2-1/2"]
[WhiteElo "2391"]
[BlackElo "2259"]
[PlyCount "136"]
[EventDate "2017.10.22"]
[EventType "team-tourn"]
[EventCountry "GER"]
[WhiteTeam "Frankfurter TV"]
[BlackTeam "Sangerhausen SV"]
[WhiteTeamCountry "GER"]
[BlackTeamCountry "GER"]

1. Nf3 d5 2. g3 Nd7 3. c4 c6 4. b3 e5 5. Bg2 dxc4 6. bxc4 Ngf6 7. O-O Bd6 8.
Qc2 O-O 9. Nc3 Re8 10. d3 Qc7 11. Nd2 Nc5 12. Nb3 Bg4 13. Nxc5 Bxc5 14. Na4 Bf8
15. Rb1 Nd7 16. h3 Bh5 17. Re1 f5 18. Qb3 b6 19. e3 Bf7 20. Qc2 Rad8 21. Bd2 e4
22. dxe4 fxe4 23. Rbd1 Qe5 24. Bc3 Qf5 25. Nb2 b5 26. Ba5 Rc8 27. g4 Qe6 28.
Bxe4 g6 29. Bg2 b4 30. c5 Rb8 31. Bc7 Nxc5 32. Bxb8 Rxb8 33. Ra1 Rb5 34. Bf1
Ne4 35. Nd3 Nc3 36. a3 a5 37. axb4 axb4 38. Ra8 Qe4 39. Bg2 Qc4 40. Nxb4 Rxb4
41. Qd2 Nd5 42. Rc1 Qb5 43. e4 Nb6 44. Bf1 Bc4 45. Bxc4+ Rxc4 46. Qa2 Nxa8 47.
Rxc4 Kg7 48. Qa1+ Kg8 49. Rd4 Nb6 50. Rd8 Qb3 51. Qf6 Qf7 52. Qxc6 Nc4 53. Qd5
Qxd5 54. Rxd5 Kf7 55. f4 Bh6 56. Rd4 Ne5 57. Ra4 Bxf4 58. Ra7+ Kg8 59. Kg2 Nf7
60. h4 h6 61. Ra6 Ne5 62. Rf6 Be3 63. Re6 Bd4 64. h5 gxh5 65. Rxe5 Bxe5 66.
gxh5 Kf7 67. Kh3 Kf6 68. Kg2 Kg5 1/2-1/2

[Event "Oberliga Ost B 2017 2018"]
[Site "Germany"]
[Date "2017.11.11"]
[Round "2.3"]
[White "Richter, Dustin"]
[Black "Neininger, Ralph"]
[Result "0-1"]
[WhiteElo "2176"]
[BlackElo "2064"]
[PlyCount "80"]
[EventDate "2017.10.22"]
[EventType "team-tourn"]
[EventCountry "GER"]
[WhiteTeam "Sangerhausen SV"]
[BlackTeam "Frankfurter TV"]
[WhiteTeamCountry "GER"]
[BlackTeamCountry "GER"]

1. Nf3 d5 2. d4 Nf6 3. c4 dxc4 4. e3 b5 5. a4 b4 6. Bxc4 e6 7. O-O Be7 8. Qe2
Bb7 9. Nbd2 O-O 10. e4 c5 11. dxc5 Nbd7 12. e5 Nd5 13. Ne4 Nxc5 14. Nxc5 Bxc5
15. Bd3 Ne7 16. Bxh7+ Kxh7 17. Ng5+ Kg8 18. Qc2 Nf5 19. Qxc5 Rc8 20. Qxb4 Ba6
21. Bd2 Bxf1 22. Rxf1 Qd3 23. Bc3 Rc4 24. Qb5 a6 25. Qb7 Rg4 26. Qf3 Qxf3 27.
Nxf3 Rxa4 28. Rd1 Ne7 29. b3 Ra2 30. Bb4 Re8 31. Bd6 Rd8 32. Re1 Nf5 33. Bc5
Rd5 34. Ba7 Rd7 35. Bc5 Rc2 36. Ba3 Rc3 37. Ng5 Rxb3 38. Rc1 Rc3 39. Rb1 Rcd3
40. Bd6 Nxd6 0-1

[Event "Oberliga Ost B 2017 2018"]
[Site "Germany"]
[Date "2017.11.11"]
[Round "2.4"]
[White "Medvedovski, Michael"]
[Black "Hillmann, Michael"]
[Result "1-0"]
[WhiteElo "2034"]
[BlackElo "2159"]
[PlyCount "55"]
[EventDate "2017.10.22"]
[EventType "team-tourn"]
[EventCountry "GER"]
[WhiteTeam "Frankfurter TV"]
[BlackTeam "Sangerhausen SV"]
[WhiteTeamCountry "GER"]
[BlackTeamCountry "GER"]

1. e4 d5 2. exd5 Qxd5 3. Nc3 Qd6 4. d4 Nf6 5. Nf3 c6 6. Ne5 Nbd7 7. Bf4 Nd5 8.
Nxd5 Qxd5 9. Nf3 Nb6 10. Be2 Bf5 11. Bg3 e6 12. O-O Be7 13. a4 O-O 14. Re1 Rac8
15. a5 Na8 16. c4 Qd8 17. Qb3 Qd7 18. Ne5 Qxd4 19. Red1 Qc5 20. Nd7 Qb4 21.
Qxb4 Bxb4 22. Nxf8 Kxf8 23. Rd7 b6 24. axb6 Nxb6 25. Rdxa7 e5 26. Rb7 Bc5 27.
Ra5 Bd4 28. Bxe5 1-0

[Event "Oberliga Ost B 2017 2018"]
[Site "Germany"]
[Date "2017.11.11"]
[Round "2.5"]
[White "Hellwig, Tobias"]
[Black "Krzesinski, Paul"]
[Result "0-1"]
[WhiteElo "2197"]
[BlackElo "2087"]
[PlyCount "70"]
[EventDate "2017.10.22"]
[EventType "team-tourn"]
[EventCountry "GER"]
[WhiteTeam "Sangerhausen SV"]
[BlackTeam "Frankfurter TV"]
[WhiteTeamCountry "GER"]
[BlackTeamCountry "GER"]

1. d4 d5 2. Nf3 Nf6 3. c4 c6 4. Nc3 e6 5. e3 Nbd7 6. Bd3 a6 7. O-O dxc4 8. Bxc4
b5 9. Bd3 Bb7 10. a4 b4 11. Ne2 c5 12. Ng3 Rc8 13. Qe2 Qb6 14. a5 Qa7 15. b3
cxd4 16. exd4 Be7 17. Bb2 Nd5 18. Nh5 O-O 19. Ne5 N7f6 20. Rae1 Qa8 21. f4 Rc7
22. f5 exf5 23. Rxf5 g6 24. Nxf6+ Bxf6 25. Rf2 Bg7 26. Bc4 Re7 27. Qd2 Qd8 28.
Ra1 Qd6 29. Qd3 Rfe8 30. Raf1 f6 31. Ng4 Kh8 32. Bc1 Re4 33. h3 Nc3 34. Rd1
Nxd1 35. Qxd1 Re1+ 0-1

[Event "Oberliga Ost B 2017 2018"]
[Site "Germany"]
[Date "2017.11.11"]
[Round "2.6"]
[White "Rondonuwu, Grover"]
[Black "Heyder, Florian"]
[Result "0-1"]
[WhiteElo "2098"]
[BlackElo "2174"]
[PlyCount "104"]
[EventDate "2017.10.22"]
[EventType "team-tourn"]
[EventCountry "GER"]
[WhiteTeam "Frankfurter TV"]
[BlackTeam "Sangerhausen SV"]
[WhiteTeamCountry "GER"]
[BlackTeamCountry "GER"]

1. d4 f5 2. Nf3 Nf6 3. Bf4 e6 4. e3 Be7 5. h3 d6 6. Be2 Nc6 7. c4 O-O 8. Nc3 b6
9. O-O Qe8 10. Rb1 Bd8 11. b4 Ne7 12. Bh2 Ng6 13. c5 Qe7 14. cxd6 cxd6 15. Qb3
Kh8 16. Rfd1 Bb7 17. a4 Ne4 18. Rbc1 Ng5 19. Nd2 Nh4 20. Bf1 Rf6 21. Bg3 Rh6
22. Nb5 Bd5 23. Qd3 Nf7 24. e4 fxe4 25. Nxe4 Nf5 26. Bh2 a6 27. Nbc3 Bb7 28.
Bf4 Rg6 29. Kh2 d5 30. Ng3 Nxg3 31. Bxg3 Qxb4 32. Be2 Rc8 33. Qe3 Rxg3 34. fxg3
Bg5 35. Qxe6 Bxc1 36. Rxc1 Qb2 37. Qe3 h6 38. Rf1 Ng5 39. Nd1 Qb4 40. Qe5 Qxa4
41. Qe7 Bc6 42. Bd3 Ne4 43. Rf7 Rg8 44. Qe5 Qxd1 45. Bxa6 Qb3 46. Bc8 Qxg3+ 47.
Qxg3 Nxg3 48. Rc7 Nf1+ 49. Kg1 Bb5 50. Be6 Rd8 51. Rb7 Rd6 52. Bg4 Ne3 0-1

[Event "Oberliga Ost B 2017 2018"]
[Site "Germany"]
[Date "2017.11.11"]
[Round "2.7"]
[White "Duchrow, Oliver"]
[Black "Schmidt, Max"]
[Result "1-0"]
[WhiteElo "2039"]
[BlackElo "1992"]
[PlyCount "59"]
[EventDate "2017.10.22"]
[EventType "team-tourn"]
[EventCountry "GER"]
[WhiteTeam "Sangerhausen SV"]
[BlackTeam "Frankfurter TV"]
[WhiteTeamCountry "GER"]
[BlackTeamCountry "GER"]

1. e4 c5 2. Nf3 g6 3. d4 cxd4 4. Nxd4 Bg7 5. Nc3 Nc6 6. Be3 Nf6 7. Be2 O-O 8.
O-O d5 9. exd5 Nxd5 10. Nxd5 Nxd4 11. Bxd4 Qxd5 12. Bxg7 Qxd1 13. Raxd1 Kxg7
14. Bf3 Be6 15. b3 Rac8 16. c4 b6 17. Bd5 Bf5 18. Rfe1 Rc7 19. Bf3 h5 20. Rd5
Be6 21. Rd2 Kf6 22. Kf1 Rb8 23. Be2 a5 24. a4 h4 25. Red1 g5 26. Ke1 Ke5 27.
Rd3 Rbb7 28. Re3+ Kf6 29. Rd8 Rc8 30. Rxe6+ 1-0

[Event "Oberliga Ost B 2017 2018"]
[Site "Germany"]
[Date "2017.11.11"]
[Round "2.8"]
[White "Casagrande, Thomas"]
[Black "Buerckner, Georg"]
[Result "1/2-1/2"]
[WhiteElo "1951"]
[BlackElo "2044"]
[PlyCount "123"]
[EventDate "2017.10.22"]
[EventType "team-tourn"]
[EventCountry "GER"]
[WhiteTeam "Frankfurter TV"]
[BlackTeam "Sangerhausen SV"]
[WhiteTeamCountry "GER"]
[BlackTeamCountry "GER"]

1. e4 e5 2. Nf3 Nc6 3. Bb5 a6 4. Ba4 Bc5 5. O-O d6 6. c3 Ba7 7. d3 Nge7 8. Be3
O-O 9. Bxa7 Nxa7 10. d4 exd4 11. cxd4 Bg4 12. h3 Bh5 13. Nc3 Nac6 14. g4 Bg6
15. Nh4 d5 16. Nxg6 hxg6 17. Bxc6 bxc6 18. e5 g5 19. Ne2 Rb8 20. b3 Ng6 21. f4
gxf4 22. Nxf4 Qg5 23. Qc1 Rb4 24. Nxg6 Qxg6 25. Qc2 a5 26. Rf5 c5 27. Qxc5 Qa6
28. Qc3 Qe2 29. Rf2 Qe4 30. Rd1 f6 31. a3 Rb6 32. Rdf1 Rbb8 33. Rf4 Qe2 34.
exf6 Rxf6 35. Rxf6 gxf6 36. Qf3 Qe6 37. Qxf6 Qe3+ 38. Rf2 Qg3+ 39. Rg2 Qe3+ 40.
Kh2 Rxb3 41. Qd8+ Kh7 42. Qxc7+ Kg8 43. Qd8+ Kh7 44. Qh4+ Kg8 45. Qg3 Rxa3 46.
Qxe3 Rxe3 47. Ra2 Rd3 48. Rxa5 Rxd4 49. Kg3 Kf7 50. Ra6 Rd3+ 51. Kh4 d4 52. g5
Rd1 53. Kh5 d3 54. h4 Ke7 55. Ra4 Rg1 56. Rd4 Rg3 57. Kg6 Re3 58. h5 Re6+ 59.
Kg7 Rd6 60. Re4+ Re6 61. Rd4 Rd6 62. Re4+ 1/2-1/2

[Event "Oberliga Ost B 2017 2018"]
[Site "Germany"]
[Date "2017.11.11"]
[Round "2.2"]
[White "Dubiel, Jacek"]
[Black "Mazurek, Robert"]
[Result "1/2-1/2"]
[WhiteElo "2429"]
[BlackElo "2152"]
[PlyCount "105"]
[EventDate "2017.10.22"]
[EventType "team-tourn"]
[EventCountry "GER"]
[WhiteTeam "Oberursel SV"]
[BlackTeam "Gernsheim SK"]
[WhiteTeamCountry "GER"]
[BlackTeamCountry "GER"]

1. e4 e5 2. Nf3 d6 3. d4 exd4 4. Nxd4 Nf6 5. Nc3 Be7 6. Bf4 O-O 7. Qd2 c6 8.
O-O-O b5 9. f3 b4 10. Nb1 Ne8 11. Bc4 a5 12. g4 a4 13. g5 Qa5 14. h4 Qc5 15.
Qe2 d5 16. exd5 cxd5 17. Bxd5 Qxd5 18. Qxe7 Qxa2 19. Qxb4 Na6 20. Qa3 Qc4 21.
Qc3 Qb4 22. Rhe1 Qb7 23. Qc6 Nb4 24. Qxb7 Bxb7 25. c3 Nd5 26. Bg3 g6 27. Na3
Ng7 28. Nab5 Ra6 29. c4 Nb6 30. Nd6 Ba8 31. Kc2 Ne6 32. Nxe6 fxe6 33. f4 Bf3
34. Rd4 Nd5 35. Rxe6 Nb4+ 36. Kb1 Bg4 37. Re1 Rb8 38. f5 a3 39. b3 a2+ 40. Kb2
a1=Q+ 41. Rxa1 Rxa1 42. Rxg4 Ra2+ 43. Kc3 Rc2+ 44. Kd4 Rd2+ 45. Ke4 gxf5+ 46.
Kxf5 Nc6 47. Ne4 Nd4+ 48. Kf4 Re2 49. g6 Ne6+ 50. Ke5 h5 51. Kxe6 Rb6+ 52. Kf5
hxg4 53. h5 1/2-1/2

[Event "Oberliga Ost B 2017 2018"]
[Site "Germany"]
[Date "2017.11.11"]
[Round "2.3"]
[White "Peterson, Emery"]
[Black "Heinz, Axel"]
[Result "0-1"]
[WhiteElo "2165"]
[BlackElo "2435"]
[PlyCount "66"]
[EventDate "2017.10.22"]
[EventType "team-tourn"]
[EventCountry "GER"]
[WhiteTeam "Gernsheim SK"]
[BlackTeam "Oberursel SV"]
[WhiteTeamCountry "GER"]
[BlackTeamCountry "GER"]

1. d4 Nf6 2. Nc3 d5 3. e3 Bf5 4. Bd3 Bxd3 5. cxd3 c6 6. f4 e6 7. Nf3 Be7 8. O-O
O-O 9. Kh1 c5 10. dxc5 Bxc5 11. d4 Bb4 12. Bd2 Bxc3 13. Bxc3 Nc6 14. Ne5 Rc8
15. Rc1 Re8 16. Ng4 Ne4 17. Nf2 Nd6 18. Nd3 Qe7 19. Qf3 Rc7 20. Nc5 b6 21. Nd3
Rec8 22. Rfd1 Qd7 23. g4 Ne4 24. Qf1 f6 25. Nf2 Nxf2+ 26. Qxf2 Nd8 27. g5 fxg5
28. fxg5 Nf7 29. g6 hxg6 30. Rg1 Nd6 31. Rxg6 Ne4 32. Qh4 Qf7 33. Rcg1 Nf2+ 0-1

[Event "Oberliga Ost B 2017 2018"]
[Site "Germany"]
[Date "2017.11.11"]
[Round "2.4"]
[White "Schlamp, Robert"]
[Black "Hebbering, Tom Elliot"]
[Result "1-0"]
[WhiteElo "2297"]
[BlackElo "2181"]
[PlyCount "119"]
[EventDate "2017.10.22"]
[EventType "team-tourn"]
[EventCountry "GER"]
[WhiteTeam "Oberursel SV"]
[BlackTeam "Gernsheim SK"]
[WhiteTeamCountry "GER"]
[BlackTeamCountry "GER"]

1. e4 c5 2. d3 Nc6 3. Nf3 g6 4. g3 Bg7 5. Bg2 Nf6 6. O-O O-O 7. c3 e5 8. a3 d5
9. Nbd2 h6 10. b4 cxb4 11. axb4 dxe4 12. dxe4 Qd3 13. Ra3 Rd8 14. c4 Qd6 15. b5
Nd4 16. Nxd4 Qxd4 17. Qc2 Be6 18. Rc3 Rac8 19. Re1 Qd7 20. Nf1 Qc7 21. Be3 a6
22. bxa6 bxa6 23. Ra1 a5 24. Qa4 Ra8 25. c5 Bf8 26. h3 Rdb8 27. Qc2 Rb4 28. Nd2
Rc8 29. Bf1 Kg7 30. Qc1 Nxe4 31. Nxe4 Rxe4 32. Bxh6+ Kg8 33. Bxf8 Rxf8 34. Rca3
a4 35. Rxa4 Rxa4 36. Rxa4 Rc8 37. Qh6 Qe7 38. Rh4 Qf6 39. Qe3 Bd5 40. Bc4 Bf3
41. Bf1 e4 42. Rf4 Qb2 43. Bg2 Qa1+ 44. Kh2 Bxg2 45. Kxg2 Qa7 46. Rh4 Qxc5 47.
Qh6 Qc3 48. Qh7+ Kf8 49. Qh8+ Ke7 50. Rxe4+ Kd7 51. Rd4+ Ke6 52. Re4+ Kd7 53.
Qh4 Qc5 54. Qf6 Rf8 55. Kh2 g5 56. Re5 Qd6 57. Qxg5 f6 58. Qf5+ Kc7 59. Rd5 Qe7
60. Qc2+ 1-0

[Event "Oberliga Ost B 2017 2018"]
[Site "Germany"]
[Date "2017.11.11"]
[Round "2.6"]
[White "Olesiak, Marcin"]
[Black "Rosenberger, Frank"]
[Result "1-0"]
[WhiteElo "2076"]
[BlackElo "2110"]
[PlyCount "69"]
[EventDate "2017.10.22"]
[EventType "team-tourn"]
[EventCountry "GER"]
[WhiteTeam "Oberursel SV"]
[BlackTeam "Gernsheim SK"]
[WhiteTeamCountry "GER"]
[BlackTeamCountry "GER"]

1. d4 d5 2. Nf3 c6 3. c4 e6 4. g3 Nf6 5. Bg2 Bd6 6. O-O Nbd7 7. Qc2 O-O 8. Rd1
Qe7 9. b3 Re8 10. Nc3 dxc4 11. bxc4 e5 12. Nh4 g6 13. d5 cxd5 14. Nxd5 Nxd5 15.
Bxd5 Nf8 16. Qd2 Ba3 17. Bxa3 Qxa3 18. Rab1 Rb8 19. Nf3 Qe7 20. Qh6 Be6 21.
Nxe5 Bxd5 22. Rxd5 Red8 23. Rbd1 Rxd5 24. Rxd5 b5 25. Nc6 Qxe2 26. Nxb8 Qe1+
27. Kg2 Qe4+ 28. Kg1 Qe1+ 29. Kg2 Qe4+ 30. Kh3 Qe6+ 31. g4 f5 32. Rd8 fxg4+ 33.
Kg3 Qe5+ 34. Qf4 Qc3+ 35. Kg2 1-0

[Event "Oberliga Ost B 2017 2018"]
[Site "Germany"]
[Date "2017.11.11"]
[Round "2.7"]
[White "Neumann, Martin"]
[Black "Stork, Oliver"]
[Result "1-0"]
[WhiteElo "2049"]
[BlackElo "2093"]
[PlyCount "87"]
[EventDate "2017.10.22"]
[EventType "team-tourn"]
[EventCountry "GER"]
[WhiteTeam "Gernsheim SK"]
[BlackTeam "Oberursel SV"]
[WhiteTeamCountry "GER"]
[BlackTeamCountry "GER"]

1. d4 d5 2. c4 e6 3. Nc3 Be7 4. e4 dxe4 5. Nxe4 Nf6 6. Nxf6+ Bxf6 7. Nf3 O-O 8.
Bd3 c5 9. dxc5 Qc7 10. O-O Nd7 11. Qc2 g6 12. Bg5 Bxg5 13. Nxg5 Nxc5 14. Be2 e5
15. b4 Ne6 16. Nxe6 Bxe6 17. Rfd1 a5 18. a3 Rac8 19. Rac1 Rfd8 20. h3 b6 21.
Qe4 Rxd1+ 22. Rxd1 axb4 23. axb4 Bxc4 24. Bxc4 Qxc4 25. Rd8+ Kg7 26. Qxe5+ Kh6
27. Rxc8 Qxc8 28. Qe3+ Kg7 29. Qxb6 Qc1+ 30. Kh2 Qf4+ 31. g3 Qe4 32. b5 h5 33.
h4 Qd5 34. Qc6 Qf5 35. Kg2 g5 36. hxg5 Qxg5 37. b6 Qe5 38. Qc4 Qe7 39. Qd5 Qb4
40. b7 Kg6 41. Qc6+ Kg7 42. Qc7 Qe4+ 43. Kh2 Qf3 44. Qb6 1-0

[Event "Oberliga Ost B 2017 2018"]
[Site "Germany"]
[Date "2017.11.11"]
[Round "2.8"]
[White "Falk, Thomas"]
[Black "Will, Jens"]
[Result "0-1"]
[WhiteElo "2107"]
[BlackElo "2012"]
[PlyCount "80"]
[EventDate "2017.10.22"]
[EventType "team-tourn"]
[EventCountry "GER"]
[WhiteTeam "Oberursel SV"]
[BlackTeam "Gernsheim SK"]
[WhiteTeamCountry "GER"]
[BlackTeamCountry "GER"]

1. Nf3 Nf6 2. c4 g6 3. Nc3 Bg7 4. e4 d6 5. d4 O-O 6. Be2 e5 7. O-O Nc6 8. d5
Ne7 9. Ne1 Ne8 10. Nd3 f5 11. f3 f4 12. Bd2 g5 13. h3 h5 14. c5 Rf7 15. cxd6
cxd6 16. Nf2 Kh8 17. Qc2 Ng8 18. Rfc1 Nh6 19. a4 g4 20. hxg4 hxg4 21. fxg4 Bf6
22. Qd1 Bh4 23. Be1 Rg7 24. Ra3 Bg3 25. Nb1 Qh4 26. Rxg3 fxg3 27. Nh3 Nxg4 28.
Rc3 Ngf6 29. Qc2 Bxh3 30. gxh3 Qxe4 31. Qxe4 Nxe4 32. Re3 N8f6 33. Bf3 Ng5 34.
Bg2 Rc8 35. Nc3 Rc4 36. Rxg3 Nh5 37. Bf1 Rb4 38. Rg2 Nf3+ 39. Kf2 Nxe1 40. Kxe1
Rxg2 0-1

[Event "Oberliga Ost B 2017 2018"]
[Site "Germany"]
[Date "2017.11.11"]
[Round "2.1"]
[White "Geske, Julian"]
[Black "Henrich, Thomas"]
[Result "1-0"]
[WhiteElo "2398"]
[BlackElo "2310"]
[PlyCount "123"]
[EventDate "2017.10.22"]
[EventType "team-tourn"]
[EventCountry "GER"]
[WhiteTeam "Wiesbadener SV"]
[BlackTeam "Marburg SK"]
[WhiteTeamCountry "GER"]
[BlackTeamCountry "GER"]

1. e4 e6 2. d4 d5 3. Nd2 c5 4. Ngf3 Nc6 5. exd5 exd5 6. Bb5 Qe7+ 7. Be2 Nf6 8.
O-O Qc7 9. Re1 cxd4 10. Nb3 Bb4 11. Bd2 Bxd2 12. Qxd2 O-O 13. Nbxd4 Bd7 14. c3
Ne4 15. Qc2 Qf4 16. Bd3 Rfe8 17. Re3 Rac8 18. Ne2 Qg4 19. h3 Qg6 20. Nf4 Qd6
21. Nxd5 Nxf2 22. Bxh7+ Kf8 23. Qxf2 Qxd5 24. Bc2 Rxe3 25. Qxe3 Re8 26. Qd3
Qc5+ 27. Kh1 Be6 28. Qh7 Qf2 29. Re1 Qg3 30. Bb3 a6 31. Bxe6 Rxe6 32. Qh8+ Ke7
33. Rxe6+ fxe6 34. Qc8 Nd8 35. Qc5+ Kf6 36. Qd4+ Ke7 37. Qh4+ Qxh4 38. Nxh4 Kf6
39. Kg1 Nc6 40. Kf2 Ne5 41. Ke2 Nc4 42. b3 Nd6 43. Ke3 e5 44. Nf3 Nb5 45. c4
Nc3 46. a3 e4 47. Ne1 Ke5 48. g3 Nd1+ 49. Ke2 Nc3+ 50. Ke3 Nd1+ 51. Ke2 Nc3+
52. Kd2 Na2 53. Nc2 g6 54. h4 Kf5 55. Ne3+ Ke5 56. g4 a5 57. h5 gxh5 58. gxh5
Kf6 59. Ng4+ Kg5 60. h6 Kg6 61. Kc2 a4 62. bxa4 1-0

[Event "Oberliga Ost B 2017 2018"]
[Site "Germany"]
[Date "2017.11.11"]
[Round "2.2"]
[White "Alber, Horst"]
[Black "Dubkov, Andrej"]
[Result "0-1"]
[WhiteElo "2296"]
[BlackElo "2328"]
[PlyCount "74"]
[EventDate "2017.10.22"]
[EventType "team-tourn"]
[EventCountry "GER"]
[WhiteTeam "Marburg SK"]
[BlackTeam "Wiesbadener SV"]
[WhiteTeamCountry "GER"]
[BlackTeamCountry "GER"]

1. d4 d5 2. c4 dxc4 3. Nf3 c6 4. Nc3 b5 5. a4 b4 6. Na2 e6 7. e4 Ba6 8. Bd2 Nf6
9. Nxb4 Nxe4 10. Nxa6 Nxd2 11. Nxd2 Nxa6 12. Bxc4 Nb4 13. Nf3 Bd6 14. O-O O-O
15. Qe2 Qe7 16. Rfe1 Rad8 17. Ne5 Bxe5 18. dxe5 Rd4 19. Rad1 Rfd8 20. g3 h6 21.
Rxd4 Rxd4 22. Rc1 Qd8 23. Qe3 Rd1+ 24. Kg2 Nd5 25. Bxd5 Qxd5+ 26. Kh3 Rd4 27.
Rxc6 Re4 28. Rc5 Qb7 29. Qc3 g5 30. f3 g4+ 31. fxg4 Re2 32. Rc8+ Kg7 33. Rc6
Rxb2 34. a5 Qb5 35. Qf3 Qxe5 36. Rc8 Ra2 37. Qb3 Qe2 0-1

[Event "Oberliga Ost B 2017 2018"]
[Site "Germany"]
[Date "2017.11.11"]
[Round "2.3"]
[White "Gottschalk, Jens"]
[Black "Dorst, Johannes"]
[Result "1/2-1/2"]
[WhiteElo "2268"]
[BlackElo "2207"]
[PlyCount "50"]
[EventDate "2017.10.22"]
[EventType "team-tourn"]
[EventCountry "GER"]
[WhiteTeam "Wiesbadener SV"]
[BlackTeam "Marburg SK"]
[WhiteTeamCountry "GER"]
[BlackTeamCountry "GER"]

1. d4 Nf6 2. c4 c5 3. d5 b5 4. cxb5 a6 5. bxa6 g6 6. Nc3 Bg7 7. g3 O-O 8. Bg2
d6 9. Nf3 Bxa6 10. O-O Nbd7 11. Rb1 Qa5 12. Bd2 Bb7 13. Qc2 Qa7 14. e4 Ba6 15.
Rfd1 Ng4 16. Bc1 Rfb8 17. h3 Nge5 18. Nxe5 Nxe5 19. b3 c4 20. Be3 cxb3 21. axb3
Qc7 22. Qd2 Bd3 23. Ra1 Ba6 24. Rab1 Bd3 25. Ra1 Ba6 1/2-1/2

[Event "Oberliga Ost B 2017 2018"]
[Site "Germany"]
[Date "2017.11.11"]
[Round "2.4"]
[White "Rolle, Eric"]
[Black "Ress, Tamas"]
[Result "1/2-1/2"]
[WhiteElo "2196"]
[BlackElo "2314"]
[PlyCount "46"]
[EventDate "2017.10.22"]
[EventType "team-tourn"]
[EventCountry "GER"]
[WhiteTeam "Marburg SK"]
[BlackTeam "Wiesbadener SV"]
[WhiteTeamCountry "GER"]
[BlackTeamCountry "GER"]

1. d4 f5 2. Bg5 h6 3. Bh4 g5 4. e3 Nf6 5. Bg3 Bg7 6. Bd3 d6 7. c3 Nc6 8. Qc2 e6
9. f3 Qe7 10. Ne2 Bd7 11. e4 O-O-O 12. Nd2 fxe4 13. Nxe4 Nd5 14. Qd2 e5 15. c4
Nf4 16. d5 Nb4 17. Nxf4 exf4 18. Qxb4 fxg3 19. hxg3 Bf5 20. O-O-O Bxe4 21. Rhe1
Qe5 22. Rxe4 Qxg3 23. c5 dxc5 1/2-1/2

[Event "Oberliga Ost B 2017 2018"]
[Site "Germany"]
[Date "2017.11.11"]
[Round "2.5"]
[White "Minor, Samuel"]
[Black "Duncker, Joachim"]
[Result "1/2-1/2"]
[WhiteElo "2244"]
[BlackElo "2243"]
[PlyCount "129"]
[EventDate "2017.10.22"]
[EventType "team-tourn"]
[EventCountry "GER"]
[WhiteTeam "Wiesbadener SV"]
[BlackTeam "Marburg SK"]
[WhiteTeamCountry "GER"]
[BlackTeamCountry "GER"]

1. e4 d5 2. exd5 Nf6 3. Nf3 Bg4 4. d4 Qxd5 5. Be2 Nc6 6. h3 Bxf3 7. Bxf3 Qd7 8.
c3 e5 9. O-O O-O-O 10. dxe5 Nxe5 11. Be3 Qxd1 12. Bxd1 Nd5 13. Bd4 Nc6 14. Bb3
Nxd4 15. cxd4 Bb4 16. Rd1 Rhe8 17. Kf1 f6 18. Nd2 Bxd2 19. Rxd2 Nf4 20. h4 g6
21. Rc1 Re7 22. d5 Rd6 23. g3 Nh5 24. Re1 Kd8 25. Rxe7 Kxe7 26. Rc2 Kd8 27. Kg2
Ng7 28. g4 Rb6 29. Rc4 a5 30. Kg3 Rb4 31. Rxb4 axb4 32. Kf4 Ke7 33. Ke3 Kd6 34.
Kd4 f5 35. f3 fxg4 36. fxg4 Ne8 37. g5 Ng7 38. Bc2 Nh5 39. Bd3 Nf4 40. Be4 Ne2+
41. Kc4 Ng3 42. Bf3 Nf5 43. h5 Ke5 44. hxg6 hxg6 45. Kxb4 Nd6 46. a4 Kf4 47.
Bh1 Kxg5 48. Kc5 Kf6 49. a5 Ke7 50. b4 Kd7 51. Bf3 Kc8 52. b5 Kb8 53. a6 bxa6
54. bxa6 Nf7 55. Be2 g5 56. Kd4 Nd6 57. Ke5 Nc8 58. Bb5 Ka7 59. Be2 Nd6 60. Ke6
Ne4 61. Kd7 Nc3 62. Bf3 Nb5 63. Be2 Nc3 64. Bf3 Nb5 65. Be2 1/2-1/2

[Event "Oberliga Ost B 2017 2018"]
[Site "Germany"]
[Date "2017.11.11"]
[Round "2.6"]
[White "Foermes, Alexander"]
[Black "Nehmert, Ulrich"]
[Result "1/2-1/2"]
[WhiteElo "2066"]
[BlackElo "2276"]
[PlyCount "40"]
[EventDate "2017.10.22"]
[EventType "team-tourn"]
[EventCountry "GER"]
[WhiteTeam "Marburg SK"]
[BlackTeam "Wiesbadener SV"]
[WhiteTeamCountry "GER"]
[BlackTeamCountry "GER"]

1. c4 Nf6 2. g3 d5 3. cxd5 Nxd5 4. Bg2 c5 5. Nc3 Nxc3 6. bxc3 Nc6 7. Nf3 e5 8.
d3 Be7 9. O-O O-O 10. Rb1 Rb8 11. Nd2 Be6 12. Qa4 Bd7 13. Qc2 b5 14. f4 exf4
15. gxf4 f5 16. Qb3+ Kh8 17. Nf3 c4 18. Qc2 cxd3 19. exd3 b4 20. Be3 bxc3
1/2-1/2

[Event "Oberliga Ost B 2017 2018"]
[Site "Germany"]
[Date "2017.11.11"]
[Round "2.7"]
[White "Ungurean, Florin Ioan"]
[Black "Cimen, Merih"]
[Result "0-1"]
[WhiteElo "1979"]
[BlackElo "1939"]
[PlyCount "98"]
[EventDate "2017.10.22"]
[EventType "team-tourn"]
[EventCountry "GER"]
[WhiteTeam "Wiesbadener SV"]
[BlackTeam "Marburg SK"]
[WhiteTeamCountry "GER"]
[BlackTeamCountry "GER"]

1. d4 d5 2. Nf3 Nf6 3. Bf4 Bf5 4. e3 c6 5. Nbd2 e6 6. c4 Qb6 7. Qb3 dxc4 8.
Bxc4 Nbd7 9. O-O Be7 10. h3 O-O 11. Rfe1 Qxb3 12. Bxb3 Ne4 13. Nxe4 Bxe4 14.
Nd2 Bd5 15. Bc2 f5 16. a3 Rf6 17. Bg5 Rf7 18. Bxe7 Rxe7 19. Rac1 Rf8 20. Bb3 h6
21. Bxd5 exd5 22. b4 Rfe8 23. Kf1 g5 24. g3 Kg7 25. a4 Nb6 26. a5 Nd7 27. Nf3
a6 28. Nd2 Kf6 29. Nb3 Kg6 30. Nc5 Nf6 31. Rb1 Ne4 32. Rb2 Nc3 33. Rc1 Nb5 34.
Nxb7 Rxb7 35. Rxc6+ Kg7 36. Rxa6 f4 37. Rb3 fxg3 38. fxg3 Rf7+ 39. Kg1 Rc7 40.
Rb6 Rc1+ 41. Kg2 Rc2+ 42. Kf1 Nc3 43. Rb7+ Kg8 44. Rxc3 Rxc3 45. a6 Rcxe3 46.
a7 Rf3+ 47. Kg2 Ra3 48. Kf2 Rc8 49. Rb8 Rf8+ 0-1

[Event "Oberliga Ost B 2017 2018"]
[Site "Germany"]
[Date "2017.11.11"]
[Round "2.8"]
[White "Lehmann, Stefan"]
[Black "Kasakevitsch, Evsey"]
[Result "1/2-1/2"]
[WhiteElo "1990"]
[BlackElo "2018"]
[PlyCount "42"]
[EventDate "2017.10.22"]
[EventType "team-tourn"]
[EventCountry "GER"]
[WhiteTeam "Marburg SK"]
[BlackTeam "Wiesbadener SV"]
[WhiteTeamCountry "GER"]
[BlackTeamCountry "GER"]

1. e4 g6 2. d4 c6 3. Nc3 Bg7 4. Be3 d5 5. e5 h5 6. Qd2 Nh6 7. O-O-O b5 8. Nce2
Nf5 9. Nf4 e6 10. Be2 a5 11. Kb1 b4 12. Nf3 Ba6 13. Rhg1 Bxe2 14. Qxe2 Nd7 15.
g4 hxg4 16. Rxg4 Nf8 17. Nd3 Bh6 18. Nc5 Nd7 19. Nd3 Nf8 20. Nc5 Nd7 21. Nd3
Nf8 1/2-1/2

[Event "Oberliga Ost B 2017 2018"]
[Site "Germany"]
[Date "2017.11.11"]
[Round "2.1"]
[White "Lubbe, Nikolas"]
[Black "Kuznecovs, Nikita"]
[Result "1-0"]
[WhiteElo "2515"]
[BlackElo "2130"]
[PlyCount "57"]
[EventDate "2017.10.22"]
[EventType "team-tourn"]
[EventCountry "GER"]
[WhiteTeam "Neuberg SF"]
[BlackTeam "Stadtilm SG BW"]
[WhiteTeamCountry "GER"]
[BlackTeamCountry "GER"]

1. Nf3 e6 2. g3 f5 3. Bg2 Nf6 4. d3 g6 5. Nbd2 Nc6 6. e4 d6 7. exf5 gxf5 8. d4
Bg7 9. O-O O-O 10. Re1 e5 11. Nf1 e4 12. Ng5 d5 13. Nh3 Ne7 14. Bg5 h6 15. Bd2
Ng6 16. c3 b6 17. Nf4 Nxf4 18. Bxf4 Be6 19. Ne3 Qd7 20. Qe2 Bf7 21. Bh3 Bg6 22.
Ng2 Qf7 23. Nh4 Nh5 24. Bxc7 Rfc8 25. Be5 f4 26. Qg4 Rc6 27. Qd7 Bxe5 28. Qxc6
fxg3 29. fxg3 1-0